| 000 | 00540nam a2200193Ia 4500 | ||
|---|---|---|---|
| 003 | OSt | ||
| 005 | 20221007082732.0 | ||
| 006 | a|||||r|||| 00| 0 | ||
| 007 | ta | ||
| 008 | 221006b |||||||| |||| 00| 0 eng d | ||
| 024 | _a22,984 | ||
| 037 | _cTextual | ||
| 040 |
_aFLL _cFLL _beng |
||
| 041 |
_2eng _aeng |
||
| 100 |
_aKhadka Narayan Bahadur _9699363 |
||
| 245 | 0 | _aCompensation to the victims of industrial accidents in Indian and Nepalese perspective. | |
| 942 |
_cTEXL _2CC |
||
| 999 |
_c1167561 _d1167561 |
||